UBT Library

Österreichische Direktinvestitionen in den USA : (Record no. 245)

000 -LEADER
fixed length control field 00561nam a22001697a 4500
008 - FIXED-LENGTH DATA ELEMENTS--GENERAL INFORMATION
fixed length control field 131107b xxu||||| |||| 00| 0 ger d
020 ## - INTERNATIONAL STANDARD BOOK NUMBER
International Standard Book Number 3854283733
041 0# - LANGUAGE CODE
Language code of text/sound track or separate title ger
080 ## - UNIVERSAL DECIMAL CLASSIFICATION NUMBER
Universal Decimal Classification number 330.322
Common auxiliary subdivision (436 : 73)
100 ## - Rafti
Rafti Ebner, Christian.
245 10 - TITLE STATEMENT
Title Österreichische Direktinvestitionen in den USA :
Statement of responsibility, etc Christian Ebner.
260 ## -
-- Wien :
-- Service-Fachverlag,
-- 1997.
300 ## -
-- 365 f.:
-- me il. ;
-- 24 cm.
490 ## -
-- Forschungsergebnisse der Wirtschaftsuniversität Wien
650 ## -
-- Investimet
942 ## - ADDED ENTRY ELEMENTS (KOHA)
Source of classification or shelving scheme
Item type Books
Holdings
Withdrawn status Lost status Source of classification or shelving scheme Damaged status Not for loan Collection code Permanent location Current location Shelving location Date acquired Total Checkouts Full call number Barcode Date last seen Koha item type
          Koleksioni i përgjithshem UBT - Prishtine UBT - Prishtine Koleksioni i përgjithshem 11/07/2013   330.322 (436 :73) EBN 001-000284 11/07/2013 Books
          Koleksioni i përgjithshem UBT - Prishtine UBT - Prishtine Koleksioni i përgjithshem 11/07/2013   330.322 (436 :73) EBN 001-000285 11/07/2013 Books
          Koleksioni i përgjithshem UBT - Prishtine UBT - Prishtine Koleksioni i përgjithshem 11/07/2013   330.322 (436 :73) EBN 001-000286 11/07/2013 Books
          Koleksioni i përgjithshem UBT - Prishtine UBT - Prishtine Koleksioni i përgjithshem 11/07/2013   330.322 (436 :73) EBN 001-000287 11/07/2013 Books
UBT Library © 2015-2024. All rights reserved University Education for Business and Technology